|
|
|
|
| LEADER |
00988nam a2200241 a 4500 |
| 001 |
GR-MES12717 |
| 008 |
070710s mau 000 0 gre d |
| 020 |
|
|
|a 0618214151
|
| 040 |
|
|
|a GrPaTEI
|b gre
|c GR-PaULI
|
| 040 |
|
|
|a GrPaTEI
|b gre
|c GR-PaULI
|
| 082 |
|
0 |
|a 658.45
|2 21
|
| 100 |
1 |
|
|a Andrews, Deborah C.
|
| 245 |
1 |
0 |
|a Management communication :
|b a guide /
|c Deborah C. Andrews / William D. Andrews.
|
| 260 |
|
|
|a Boston :
|b Houghton Mifflin,
|c c2004
|
| 300 |
|
|
|a xii
|a 224σ. :
|b εικ. ;
|c 21εκ.
|
| 500 |
|
|
|a Περιλαμβάνει ευρετήριο.
|
| 650 |
|
0 |
|a Communication in management
|
| 650 |
|
4 |
|a Επικοινωνιακό μανατζμεντ
|
| 700 |
1 |
|
|a Andrews, William D.
|
| 942 |
|
|
|2 ddc
|
| 952 |
|
|
|0 0
|1 0
|2 ddc
|4 0
|6 658_450000000000000_AND
|7 0
|9 271299
|a MSLG
|b MSLG
|c BSC
|d 2021-01-17
|e 24
|f 0
|g 0.00
|l 0
|o 658.45 AND
|p 2420000022010
|r 2021-01-17 00:00:00
|t 1
|w 2021-01-17
|y BK15
|x 20070710 0 ΓΑΒΡΙΝΑ 1
|x GrPaTEI
|
| 971 |
|
|
|a .b25787640
|b 15-04-20
|c 13-09-16
|
| 999 |
|
|
|c 156686
|d 156686
|